[Event "Klaipeda Sea rapid op 16th"]
[Site "Klaipeda"]
[Date "2019.07.27"]
[Round "1"]
[White "Beliajev, Dmitrij"]
[Black "Barsciauskas, Gintautas"]
[Result "1-0"]
[WhiteElo "2135"]
[BlackElo "1598"]
[PlyCount "61"]
[EventDate "2019.07.27"]
[EventType "swiss (rapid)"]
[EventRounds "7"]
[EventCountry "LTU"]
[SourceTitle "CBM 191 Extra"]
[Source "ChessBase"]
[SourceDate "2019.09.30"]
[SourceVersion "1"]
[SourceVersionDate "2019.09.30"]
[SourceQuality "1"]

1. e4 c5 2. d3 Nc6 3. Nf3 e5 4. g3 Nf6 5. Bg2 d6 6. 0-0 Be7 7. c3 0-0 8. h3 h6 9. Re1 Re8 10. d4 Qc7 11. Na3 Bf8 12. d5 Ne7 13. b4 b6 14. Rb1 a6 15. bxc5 bxc5 16. Nc4 Rb8 17. Ba3 Bd7 18. Rxb8 Rxb8 19. Nfxe5 Nexd5 20. Nxd7 Nxc3 21. Nxf6+ gxf6 22. Qf3 Bg7 23. Qxc3 f5 24. Qd3 Rd8 25. exf5 Bd4 26. Bd5 Kh8 27. Bb2 Qa7 28. Bxd4+ cxd4 29. Re4 Qc5 30. Qxd4+ Qxd4 31. Rxd4 1-0

[Event "Klaipeda Sea rapid op 16th"]
[Site "Klaipeda"]
[Date "2019.07.27"]
[Round "4"]
[White "Beliajev, Dmitrij"]
[Black "Laurusas, Tomas"]
[Result "0-1"]
[WhiteElo "2135"]
[BlackElo "2501"]
[PlyCount "62"]
[EventDate "2019.07.27"]
[EventType "swiss (rapid)"]
[EventRounds "7"]
[EventCountry "LTU"]
[SourceTitle "CBM 191 Extra"]
[Source "ChessBase"]
[SourceDate "2019.09.30"]
[SourceVersion "1"]
[SourceVersionDate "2019.09.30"]
[SourceQuality "1"]

1. e4 c6 2. d3 d5 3. Nd2 g6 4. Ngf3 Bg7 5. g3 e5 6. Bg2 Ne7 7. 0-0 0-0 8. c3 h6 9. d4 exd4 10. Nxd4 Nd7 11. Re1 Nc5 12. Qc2 Ne6 13. N2f3 dxe4 14. Qxe4 Nxd4 15. Nxd4 Nf5 16. Bf4 Nxd4 17. cxd4 Bf5 18. Qe7 Qb6 19. Be5 Qxb2 20. Bxg7 Kxg7 21. d5 Rae8 22. Qc5 cxd5 23. Bxd5 Re5 24. Rad1 Rc8 25. Qxa7 Rxe1+ 26. Rxe1 Qd2 27. Qxb7 Qxe1+ 28. Kg2 Rf8 29. a4 Be6 30. Bxe6 Qxe6 31. a5 Re8 0-1

[Event "Klaipeda Sea rapid op 16th"]
[Site "Klaipeda"]
[Date "2019.07.27"]
[Round "2"]
[White "Vysniauskas, Vaidas"]
[Black "Beliajev, Dmitrij"]
[Result "0-1"]
[WhiteElo "1822"]
[BlackElo "2135"]
[PlyCount "74"]
[EventDate "2019.07.27"]
[EventType "swiss (rapid)"]
[EventRounds "7"]
[EventCountry "LTU"]
[SourceTitle "CBM 191 Extra"]
[Source "ChessBase"]
[SourceDate "2019.09.30"]
[SourceVersion "1"]
[SourceVersionDate "2019.09.30"]
[SourceQuality "1"]

1. b4 e6 2. Bb2 Nf6 3. b5 c5 4. c4 b6 5. Nf3 Bb7 6. e3 d5 7. Be2 dxc4 8. Bxc4 Nbd7 9. Nc3 Bd6 10. 0-0 0-0 11. h3 Rc8 12. a4 Bb8 13. d3 Qc7 14. e4 Rfd8 15. Qe2 Qf4 16. g3 Qh6 17. Kg2 Ne5 18. Nxe5 Bxe5 19. f4 Bd4 20. Kh2 Ne8 21. f5 Nd6 22. fxe6 fxe6 23. Bc1 Qg6 24. Bd2 Nxc4 25. dxc4 Bxc3 26. Bxc3 Bxe4 27. Rf4 Bf5 28. g4 Bd3 29. Qe5 Rf8 30. Re1 Rxf4 31. Qxf4 Rf8 32. Qe5 Bxc4 33. Kg3 Bd5 34. Re3 h6 35. h4 Qf7 36. Kh3 Qf1+ 37. Kg3 Qg2# 0-1

[Event "LTU-chT"]
[Site "Lithuania"]
[Date "2018.04.14"]
[Round "6.1"]
[White "Beliajev, Dmitrij"]
[Black "Narmontas, Raimondas"]
[Result "0-1"]
[WhiteElo "2154"]
[BlackElo "1987"]
[PlyCount "104"]
[EventDate "2018.01.27"]
[EventType "team-swiss"]
[EventRounds "7"]
[EventCountry "LTU"]
[SourceTitle "EXT 2019"]
[Source "ChessBase"]
[SourceDate "2018.10.10"]
[SourceVersion "1"]
[SourceVersionDate "2018.10.10"]
[SourceQuality "1"]
[WhiteTeam "Klaipeda Nesunaikinami"]
[BlackTeam "Siauliai SISZK"]
[WhiteTeamCountry "LTU"]
[BlackTeamCountry "LTU"]

1. e4 d5 2. exd5 Qxd5 3. Nc3 Qd8 4. Nf3 Nf6 5. h3 Bf5 6. Bb5+ c6 7. Bc4 e6 8. 0-0 Bd6 9. d4 Nbd7 10. Bg5 h6 11. Bh4 Qc7 12. Ne2 Ne4 13. Qe1 g5 14. Ng3 Nxg3 15. Bxg3 0-0-0 16. Bb3 Bf4 17. Bxf4 gxf4 18. Nh4 Bh7 19. Qe2 Rhg8 20. Qh5 Rg7 21. Qxh6 Rdg8 22. Kh1 Be4 23. Bxe6 fxe6 24. Qxe6 Bxg2+ 25. Nxg2 Rxg2 26. Rg1 Rxg1+ 27. Rxg1 Rxg1+ 28. Kxg1 Qd8 29. Kg2 Qg5+ 30. Kf3 Kc7 31. Qf7 Kd8 32. Qxf4 Qd5+ 33. Qe4 Qxa2 34. b3 Qa1 35. Ke2 Qa5 36. h4 Qh5+ 37. f3 a5 38. Qf4 Qg6 39. Qg5+ Qxg5 40. hxg5 Nf8 41. c4 Ne6 42. d5 Nxg5 43. f4 Nf7 44. dxc6 bxc6 45. Kd3 Kd7 46. Kc3 c5 47. Kb2 a4 48. bxa4 Nd6 49. Kc3 Kc6 50. a5 Kd7 51. Kd3 Ke6 52. f5+ Ke5 0-1

[Event "Klaipeda Sea op-A 14th"]
[Site "Klaipeda"]
[Date "2017.07.30"]
[Round "7"]
[White "Juksta, Karolis"]
[Black "Beliajev, Dmitrij"]
[Result "1/2-1/2"]
[WhiteElo "2090"]
[BlackElo "2174"]
[PlyCount "59"]
[EventDate "2017.07.24"]
[EventType "swiss"]
[EventRounds "7"]
[EventCountry "LTU"]
[SourceTitle "CBM 179 Extra"]
[Source "ChessBase"]
[SourceDate "2017.08.23"]
[SourceVersion "1"]
[SourceVersionDate "2017.08.23"]
[SourceQuality "1"]

1. d4 Nf6 2. c4 g6 3. Nc3 Bg7 4. e4 d6 5. Be2 0-0 6. Bg5 Nbd7 7. Qd2 e5 8. Nf3 Re8 9. 0-0 exd4 10. Nxd4 h6 11. Bxh6 Nxe4 12. Nxe4 Bxh6 13. Qxh6 Rxe4 14. Qd2 Ne5 15. f4 c5 16. Nb5 Nxc4 17. Bxc4 Rxc4 18. Qxd6 Qxd6 19. Nxd6 Rc2 20. Rf2 Rxf2 21. Kxf2 b6 22. Nxc8 Rxc8 23. Rd1 Rc7 24. Kf3 Kg7 25. g4 Kf6 26. h4 c4 27. g5+ Ke6 28. Re1+ Kd6 29. Rd1+ Ke6 30. Re1+ 1/2-1/2

[Event "Klaipeda Sea op-A 14th"]
[Site "Klaipeda"]
[Date "2017.07.27"]
[Round "4"]
[White "Beliajev, Dmitrij"]
[Black "Boyajyan, David"]
[Result "1/2-1/2"]
[WhiteElo "2174"]
[BlackElo "1613"]
[PlyCount "80"]
[EventDate "2017.07.24"]
[EventType "swiss"]
[EventRounds "7"]
[EventCountry "LTU"]
[SourceTitle "CBM 179 Extra"]
[Source "ChessBase"]
[SourceDate "2017.08.23"]
[SourceVersion "1"]
[SourceVersionDate "2017.08.23"]
[SourceQuality "1"]

1. e4 g6 2. d4 Bg7 3. c3 d6 4. Bd3 e5 5. Be3 Nd7 6. Ne2 Ne7 7. Qd2 0-0 8. Bh6 c5 9. Bxg7 Kxg7 10. Na3 a6 11. 0-0 f5 12. f4 fxe4 13. Bxe4 d5 14. Bc2 cxd4 15. fxe5 Nxe5 16. Nxd4 N7c6 17. Bb3 Ne7 18. Rxf8 Qxf8 19. Rf1 Qd8 20. Qf4 N5c6 21. Qf6+ Kg8 22. Nxc6 bxc6 23. Re1 Ra7 24. Nc4 Qf8 25. Qd4 Rc7 26. Qe5 Ra7 27. Na5 Qe8 28. c4 Qd8 29. cxd5 cxd5 30. Nc4 Rd7 31. Ne3 Qb6 32. Kh1 Qd6 33. Qg5 Qe6 34. Rf1 Rd6 35. h3 Kg7 36. Qf4 Qf6 37. Qb4 Qe5 38. Rd1 Bxh3 39. gxh3 Qxe3 40. Qxd6 Qf3+ 1/2-1/2

[Event "Klaipeda Sea op-A 13th"]
[Site "Klaipeda"]
[Date "2016.07.29"]
[Round "5"]
[White "Beliajev, Dmitrij"]
[Black "Jablokov, Dmitrij"]
[Result "1-0"]
[WhiteElo "2170"]
[BlackElo "1799"]
[PlyCount "101"]
[EventDate "2016.07.25"]
[EventType "swiss"]
[EventRounds "7"]
[EventCountry "LTU"]
[SourceTitle "EXT 2018"]
[Source "ChessBase"]
[SourceDate "2017.10.13"]
[SourceVersion "1"]
[SourceVersionDate "2017.10.13"]
[SourceQuality "1"]

1. e4 c6 2. d4 d5 3. exd5 cxd5 4. c4 Nf6 5. Nc3 e6 6. Nf3 Nc6 7. c5 Be7 8. Bb5 Bd7 9. 0-0 0-0 10. a3 Qc7 11. Re1 Rad8 12. Bd3 Bc8 13. Bg5 a6 14. b4 Nd7 15. Nxd5 exd5 16. Bxe7 Nxe7 17. Rxe7 h6 18. Qd2 Rde8 19. Rae1 Rxe7 20. Rxe7 Qd8 21. Re2 Re8 22. h3 Nf8 23. Qe1 Rxe2 24. Qxe2 Qf6 25. Qe5 Qxe5 26. Nxe5 g5 27. Kf1 Kg7 28. Ke2 Ne6 29. Ke3 Nf4 30. Bf1 f6 31. Nd3 Ne6 32. f4 Bd7 33. Be2 Nc7 34. Bf3 Bc6 35. g3 Nb5 36. a4 Nc3 37. Nb2 Na2 38. b5 axb5 39. axb5 Bxb5 40. Bxd5 Nb4 41. Bxb7 Nc2+ 42. Ke4 Bf1 43. d5 Bxh3 44. Kd3 Ne1+ 45. Ke2 Nc2 46. c6 Nd4+ 47. Kf2 Nb5 48. Ba6 Nc7 49. d6 Ne6 50. d7 Kf8 51. c7 1-0

[Event "LTU-chT"]
[Site "Lithuania"]
[Date "2015.03.28"]
[Round "6.5"]
[White "Sumskis, Rimvydas"]
[Black "Beliajev, Dmitrij"]
[Result "1-0"]
[WhiteElo "2098"]
[BlackElo "2202"]
[PlyCount "93"]
[EventDate "2015.01.24"]
[EventType "team-tourn"]
[EventRounds "7"]
[EventCountry "LTU"]
[SourceTitle "EXT 2016"]
[Source "ChessBase"]
[SourceDate "2015.10.08"]
[SourceVersion "1"]
[SourceVersionDate "2015.10.08"]
[SourceQuality "1"]
[WhiteTeam "Marijampole Suduva"]
[BlackTeam "Klaipeda Bokstas"]
[WhiteTeamCountry "LTU"]
[BlackTeamCountry "LTU"]

1. e4 c6 2. d4 d5 3. Nc3 dxe4 4. Nxe4 Bf5 5. Ng3 Bg6 6. Nf3 Nd7 7. h4 h6 8. h5 Bh7 9. Bd3 Bxd3 10. Qxd3 Qc7 11. Bd2 Ngf6 12. 0-0-0 0-0-0 13. Kb1 e6 14. Ne4 c5 15. c3 c4 16. Qe2 Nd5 17. Bc1 Kb8 18. Ne5 N7b6 19. g4 Bd6 20. Nxd6 Rxd6 21. f4 f6 22. Ng6 Rc8 23. Qc2 Qd7 24. g5 f5 25. Ne5 Qe8 26. Rdg1 Na4 27. gxh6 gxh6 28. Rg6 b5 29. Rhg1 Ra6 30. a3 Rd6 31. Rxh6 b4 32. axb4 a5 33. Rg7 axb4 34. Rhh7 Nc7 35. cxb4 Nb6 36. Nxc4 Rc6 37. b3 Qd8 38. b5 Rxc4 39. bxc4 Qxd4 40. Bb2 Qxf4 41. c5 Qf1+ 42. Ka2 Nbd5 43. Qa4 Qe2 44. Rg3 Nxb5 45. Qa5 Qc4+ 46. Rb3 Rxc5 47. Qa7+ 1-0

[Event "Klaipeda-ch"]
[Site "Klaipeda"]
[Date "2015.02.08"]
[Round "6"]
[White "Beliajev, Dmitrij"]
[Black "Stasius, Vidmantas"]
[Result "0-1"]
[WhiteElo "2202"]
[BlackElo "1955"]
[PlyCount "64"]
[EventDate "2015.01.11"]
[EventType "tourn"]
[EventRounds "11"]
[EventCountry "LTU"]
[SourceTitle "EXT 2018"]
[Source "ChessBase"]
[SourceDate "2017.10.13"]
[SourceVersion "1"]
[SourceVersionDate "2017.10.13"]
[SourceQuality "1"]

1. e4 c5 2. c3 g6 3. d4 cxd4 4. cxd4 d5 5. e5 Bg7 6. Nc3 Nh6 7. Bg5 f6 8. Bb5+ Nc6 9. exf6 exf6 10. Bxh6 Bxh6 11. Qa4 Qd6 12. Nge2 Be6 13. 0-0 0-0 14. a3 Kh8 15. Rad1 Rae8 16. Bd3 f5 17. f4 Bg7 18. Bb1 Bf7 19. b4 b6 20. Rd2 Re7 21. Rc1 Rfe8 22. Qd1 a5 23. b5 Nb8 24. a4 Nd7 25. Na2 Re3 26. Rdc2 Qe7 27. Nac3 Nf6 28. Ba2 Ng4 29. Bxd5 Rh3 30. Qd2 Rxh2 31. Bf3 Qh4 32. g3 Rh1+ 0-1

[Event "Klaipeda-ch"]
[Site "Klaipeda"]
[Date "2015.02.01"]
[Round "4"]
[White "Barsciauskas, Gintautas"]
[Black "Beliajev, Dmitrij"]
[Result "0-1"]
[WhiteElo "1725"]
[BlackElo "2202"]
[PlyCount "76"]
[EventDate "2015.01.11"]
[EventType "tourn"]
[EventRounds "11"]
[EventCountry "LTU"]
[SourceTitle "EXT 2018"]
[Source "ChessBase"]
[SourceDate "2017.10.13"]
[SourceVersion "1"]
[SourceVersionDate "2017.10.13"]
[SourceQuality "1"]

1. e4 c6 2. d3 d5 3. Be2 Qc7 4. Nf3 Nf6 5. e5 Nfd7 6. d4 Nb6 7. 0-0 Bg4 8. Ng5 Bxe2 9. Qxe2 e6 10. f4 h6 11. Nf3 Na6 12. a4 0-0-0 13. a5 Nd7 14. c3 c5 15. Be3 Ndb8 16. Qf2 c4 17. Nfd2 f5 18. b4 Qd7 19. Nf3 Nc7 20. Na3 Rg8 21. Rfb1 Be7 22. h4 g6 23. Qb2 a6 24. Qc2 Rdf8 25. Bc1 Nc6 26. Qd1 Na7 27. Bd2 Nab5 28. Nxb5 Nxb5 29. Qc1 Qe8 30. g3 g5 31. hxg5 hxg5 32. fxg5 Qh5 33. Kf2 f4 34. gxf4 Bxg5 35. Nxg5 Qh2+ 36. Ke1 Rxg5 37. fxg5 Qg1+ 38. Ke2 Rf2+ 0-1

[Event "LTU-chT"]
[Site "Lithuania"]
[Date "2015.01.25"]
[Round "2.3"]
[White "Beliajev, Dmitrij"]
[Black "Vedrickas, Tautvydas"]
[Result "0-1"]
[WhiteElo "2202"]
[BlackElo "2357"]
[PlyCount "80"]
[EventDate "2015.01.24"]
[EventType "team-tourn"]
[EventRounds "7"]
[EventCountry "LTU"]
[SourceTitle "CBM 164 Extra"]
[Source "ChessBase"]
[SourceDate "2015.03.02"]
[SourceVersion "1"]
[SourceVersionDate "2015.03.02"]
[SourceQuality "1"]
[WhiteTeam "Klaipeda Bokstas"]
[BlackTeam "Vilnius MRU"]
[WhiteTeamCountry "LTU"]
[BlackTeamCountry "LTU"]

1. e4 g6 2. Nf3 Bg7 3. d4 d6 4. Nc3 a6 5. Bd3 Nd7 6. 0-0 c5 7. Be3 b5 8. a4 b4 9. Ne2 Bb7 10. Qc1 Rc8 11. Ng3 cxd4 12. Bxd4 Ngf6 13. Qd2 a5 14. c3 e5 15. Be3 bxc3 16. bxc3 0-0 17. Rab1 Qc7 18. h3 d5 19. exd5 Bxd5 20. c4 Ba8 21. Be2 Rfd8 22. Qc2 Nd5 23. Bd2 Nf4 24. Rfd1 Nxe2+ 25. Nxe2 Nc5 26. Rb5 Qd7 27. Nc3 Bxf3 28. gxf3 Qxh3 29. Be3 Ne6 30. Rxd8+ Rxd8 31. Qe2 f5 32. Nd5 f4 33. Bb6 Ng5 34. Rb3 Rf8 35. c5 e4 36. Qc4 Kh8 37. fxe4 f3 38. Qf1 Qg4+ 39. Kh1 Qh4+ 40. Kg1 Nh3+ 0-1

[Event "Klaipeda-ch"]
[Site "Klaipeda"]
[Date "2014.02.16"]
[Round "7"]
[White "Beinoras, Mindaugas"]
[Black "Beliajev, Dmitrij"]
[Result "1/2-1/2"]
[WhiteElo "2404"]
[BlackElo "2195"]
[PlyCount "88"]
[EventDate "2014.01.12"]
[EventType "tourn"]
[EventRounds "11"]
[EventCountry "LTU"]
[SourceTitle "EXT 2016"]
[Source "ChessBase"]
[SourceDate "2015.10.08"]
[SourceVersion "1"]
[SourceVersionDate "2015.10.08"]
[SourceQuality "1"]

1. d4 Nf6 2. c4 e6 3. Nf3 b6 4. a3 Be7 5. Nc3 d5 6. cxd5 exd5 7. g3 0-0 8. Bg2 Nbd7 9. Nh4 Bb7 10. Nf5 Ne4 11. Nxe7+ Qxe7 12. 0-0 Ndf6 13. Bf4 Nxc3 14. bxc3 Ba6 15. Re1 Bc4 16. f3 Nh5 17. Bd2 f5 18. e4 fxe4 19. fxe4 Qf7 20. e5 Rae8 21. Be3 g6 22. Qd2 Qe6 23. Bh6 Rf7 24. Bf1 Bxf1 25. Rxf1 Ree7 26. Qg5 Ng7 27. Rf6 Qd7 28. Bxg7 Rxg7 29. Raf1 Qe8 30. Qg4 Rgf7 31. h4 Rxf6 32. exf6 Re4 33. Qg5 Qf7 34. h5 Kf8 35. Qh6+ Ke8 36. hxg6 hxg6 37. Rf4 Rxf4 38. Qxf4 Qe6 39. Kf2 Kf7 40. Qxc7+ Kxf6 41. Qxa7 Qf5+ 42. Ke3 Qe4+ 43. Kd2 Qg2+ 44. Kc1 Qf1+ 1/2-1/2

[Event "LTU-chT"]
[Site "Lithuania"]
[Date "2014.02.09"]
[Round "5.3"]
[White "Zygmanta, Eugenijus"]
[Black "Beliajev, Dmitrij"]
[Result "0-1"]
[WhiteElo "1867"]
[BlackElo "2195"]
[PlyCount "68"]
[EventDate "2014.01.25"]
[EventType "team-swiss"]
[EventRounds "7"]
[EventCountry "LTU"]
[SourceTitle "CBM 158 Extra"]
[Source "ChessBase"]
[SourceDate "2014.02.28"]
[SourceVersion "1"]
[SourceVersionDate "2014.02.28"]
[SourceQuality "1"]
[WhiteTeam "Marijampole Svajone"]
[BlackTeam "Klaipeda SSK"]
[WhiteTeamCountry "LTU"]
[BlackTeamCountry "LTU"]

1. e4 c6 2. d4 d5 3. Nc3 dxe4 4. Nxe4 Bf5 5. Qf3 e6 6. Ne2 Nd7 7. N2g3 Bg6 8. Bf4 Ngf6 9. Nd6+ Bxd6 10. Bxd6 Bxc2 11. Bd3 Bxd3 12. Qxd3 Qa5+ 13. Ke2 Qd5 14. Ba3 Nb6 15. f3 Nc4 16. Ne4 Nxa3 17. Nxf6+ gxf6 18. Qxa3 Rg8 19. g3 Rg5 20. Rhd1 Rh5 21. h4 Qb5+ 22. Ke3 Qb6 23. Rac1 Ra5 24. Qd3 f5 25. Rc3 0-0-0 26. Rb3 Qc7 27. Ra3 Rxa3 28. Qxa3 a6 29. f4 Kb8 30. Qc5 Rd5 31. Qf8+ Ka7 32. b4 Qd6 33. Qxf7 Qxb4 34. Qxe6 Rxd4 0-1

[Event "LTU-chT"]
[Site "Lithuania"]
[Date "2014.02.08"]
[Round "4.3"]
[White "Beliajev, Dmitrij"]
[Black "Savickiene, Virginija"]
[Result "1-0"]
[WhiteElo "2195"]
[BlackElo "1835"]
[PlyCount "63"]
[EventDate "2014.01.25"]
[EventType "team-swiss"]
[EventRounds "7"]
[EventCountry "LTU"]
[SourceTitle "CBM 158 Extra"]
[Source "ChessBase"]
[SourceDate "2014.02.28"]
[SourceVersion "1"]
[SourceVersionDate "2014.02.28"]
[SourceQuality "1"]
[WhiteTeam "Klaipeda SSK"]
[BlackTeam "Rokiskis"]
[WhiteTeamCountry "LTU"]
[BlackTeamCountry "LTU"]

1. e4 d6 2. d4 g6 3. Nc3 Bg7 4. Be3 Nf6 5. h3 0-0 6. Bd3 c6 7. Nge2 Nbd7 8. Qd2 c5 9. 0-0 cxd4 10. Nxd4 Nc5 11. Bh6 Nxd3 12. cxd3 Qb6 13. Bxg7 Kxg7 14. Nde2 Qa5 15. a3 Bd7 16. b4 Qd8 17. Qb2 e5 18. f4 Qb6+ 19. Kh2 Rfe8 20. Rf3 Bc6 21. Raf1 Nd7 22. b5 a6 23. a4 axb5 24. axb5 Ra5 25. Rb1 Bxe4 26. dxe4 f6 27. Nd5 Qd8 28. fxe5 Rxe5 29. Nec3 Ra8 30. Rbf1 Re6 31. Qb4 Rc8 32. Qd4 1-0

[Event "Klaipeda-ch"]
[Site "Klaipeda"]
[Date "2014.02.02"]
[Round "5"]
[White "Armonaitis, Silvestras"]
[Black "Beliajev, Dmitrij"]
[Result "1/2-1/2"]
[WhiteElo "2072"]
[BlackElo "2195"]
[PlyCount "59"]
[EventDate "2014.01.12"]
[EventType "tourn"]
[EventRounds "11"]
[EventCountry "LTU"]
[SourceTitle "EXT 2016"]
[Source "ChessBase"]
[SourceDate "2015.10.08"]
[SourceVersion "1"]
[SourceVersionDate "2015.10.08"]
[SourceQuality "1"]

1. e4 c6 2. d4 d5 3. exd5 cxd5 4. Bd3 Nf6 5. c3 e6 6. Bf4 Bd6 7. Bg3 Qb6 8. Qe2 Nbd7 9. Nf3 h6 10. 0-0 Ne4 11. Bxd6 Nxd6 12. b3 0-0 13. c4 dxc4 14. bxc4 Qa5 15. c5 Nf5 16. Nbd2 Nf6 17. Nc4 Qa4 18. Bc2 Qa6 19. Bd3 Qa4 20. Rfd1 Nd5 21. Qb2 Rb8 22. g4 Nfe7 23. Nd6 Nf4 24. Bb5 Qa5 25. Ne5 Ned5 26. Rac1 Qd8 27. Qa3 f6 28. Nf3 Bd7 29. Bf1 Bc6 30. Ne1 1/2-1/2

[Event "Klaipeda-ch"]
[Site "Klaipeda"]
[Date "2014.02.01"]
[Round "4"]
[White "Beliajev, Dmitrij"]
[Black "Slusnys, Evaldas"]
[Result "1-0"]
[WhiteElo "2195"]
[BlackElo "1913"]
[PlyCount "117"]
[EventDate "2014.01.12"]
[EventType "tourn"]
[EventRounds "11"]
[EventCountry "LTU"]
[SourceTitle "EXT 2016"]
[Source "ChessBase"]
[SourceDate "2015.10.08"]
[SourceVersion "1"]
[SourceVersionDate "2015.10.08"]
[SourceQuality "1"]

1. e4 c5 2. c3 d5 3. exd5 Qxd5 4. d4 Nc6 5. Nf3 Bg4 6. Be2 e6 7. 0-0 Nf6 8. Na3 cxd4 9. Nb5 0-0-0 10. Nbxd4 Nxd4 11. Nxd4 Bxe2 12. Qxe2 e5 13. Nb3 Bd6 14. Rd1 Qe4 15. Be3 Kb8 16. Na5 Qa4 17. b4 Rd7 18. h3 Rc8 19. Rd3 Ka8 20. Rad1 Rcd8 21. Bg5 e4 22. Rd4 Be5 23. Rxd7 Rxd7 24. Rxd7 Qxd7 25. Bxf6 gxf6 26. g3 f5 27. Qc4 e3 28. fxe3 Qd1+ 29. Kf2 Qd2+ 30. Kf3 Qd1+ 31. Qe2 Qh1+ 32. Qg2 Qd1+ 33. Kf2 Qd2+ 34. Kg1 Qxe3+ 35. Kh2 Qe4 36. c4 Bc7 37. Qxe4 fxe4 38. Nb3 Be5 39. Kg2 f5 40. g4 f4 41. g5 b6 42. Nd2 e3 43. Nf3 Bc3 44. b5 Kb7 45. Ng1 Kc7 46. Kf3 Be5 47. Ke4 Bd6 48. h4 Kd7 49. Nf3 Ke6 50. a4 Bc7 51. Nd4+ Kf7 52. h5 Bd6 53. Kf3 Be5 54. Nc6 Ke6 55. g6 hxg6 56. hxg6 Bc3 57. Nxa7 Kf6 58. Nc6 Ke6 59. c5 1-0

[Event "LTU-chT"]
[Site "Lithuania"]
[Date "2014.01.25"]
[Round "1.3"]
[White "Lazaravicius, Aras Jonas"]
[Black "Beliajev, Dmitrij"]
[Result "0-1"]
[WhiteElo "1605"]
[BlackElo "2195"]
[PlyCount "72"]
[EventDate "2014.01.25"]
[EventType "team-swiss"]
[EventRounds "7"]
[EventCountry "LTU"]
[SourceTitle "CBM 158 Extra"]
[Source "ChessBase"]
[SourceDate "2014.02.28"]
[SourceVersion "1"]
[SourceVersionDate "2014.02.28"]
[SourceQuality "1"]
[WhiteTeam "Kaunas Margiris II"]
[BlackTeam "Klaipeda SSK"]
[WhiteTeamCountry "LTU"]
[BlackTeamCountry "LTU"]

1. d4 Nf6 2. c4 e6 3. Nf3 b6 4. g3 Ba6 5. Qa4 Be7 6. Bg2 0-0 7. 0-0 c6 8. Nc3 d5 9. cxd5 cxd5 10. Bf4 Qd7 11. Qd1 Nc6 12. Ne5 Qb7 13. Nxc6 Qxc6 14. Rc1 Qd7 15. Re1 Rac8 16. a3 Rfd8 17. Qd2 h6 18. h4 Bc4 19. Be5 a5 20. Bxf6 Bxf6 21. Qd1 Ba6 22. e3 Be7 23. Bf1 Bxf1 24. Rxf1 b5 25. Qb3 b4 26. axb4 axb4 27. Ne2 Qb5 28. Rxc8 Rxc8 29. Rc1 Rc4 30. Rxc4 dxc4 31. Qc2 Bd6 32. e4 c3 33. bxc3 b3 34. Qb2 Ba3 35. c4 Bxb2 36. cxb5 Bxd4 0-1

[Event "Klaipeda Sea op-A 10th"]
[Site "Klaipeda"]
[Date "2013.07.24"]
[Round "3"]
[White "Laurusas, Tomas"]
[Black "Beliajev, Dmitrij"]
[Result "0-1"]
[WhiteElo "2373"]
[BlackElo "2181"]
[PlyCount "80"]
[EventDate "2013.07.22"]
[EventType "swiss"]
[EventRounds "7"]
[EventCountry "LTU"]
[SourceTitle "CBM 155 Extra"]
[Source "ChessBase"]
[SourceDate "2013.08.26"]
[SourceVersion "1"]
[SourceVersionDate "2013.08.26"]
[SourceQuality "1"]

1. d4 Nf6 2. c4 e6 3. Nc3 Bb4 4. e3 0-0 5. Nge2 d5 6. a3 Be7 7. cxd5 exd5 8. h3 c6 9. g4 Ne4 10. Nxe4 dxe4 11. Ng3 f5 12. Nxf5 Bxf5 13. gxf5 Qa5+ 14. Bd2 Qxf5 15. Qb3+ Kh8 16. 0-0-0 b5 17. Qc2 Nd7 18. Bg2 Nf6 19. f3 c5 20. d5 b4 21. fxe4 Qe5 22. axb4 cxb4 23. Kb1 Nd7 24. Rhf1 Rfc8 25. Qb3 a5 26. Rc1 Bf6 27. Rf5 Qh2 28. Rf2 a4 29. Qd1 a3 30. Rxc8+ Rxc8 31. Bc1 Qc7 32. bxa3 bxa3 33. Bxa3 Rb8+ 34. Bb2 Qb6 35. Qc1 Nc5 36. e5 Bxe5 37. Qf1 Qxb2+ 38. Rxb2 Rxb2+ 39. Kc1 Nb3+ 40. Kd1 Rd2+ 0-1

[Event "Palanga op"]
[Site "Palanga"]
[Date "2013.06.22"]
[Round "9"]
[White "Kaunas, Kestutis"]
[Black "Beliajev, Dmitrij"]
[Result "1-0"]
[WhiteElo "2240"]
[BlackElo "2172"]
[PlyCount "91"]
[EventDate "2013.06.17"]
[EventType "swiss"]
[EventRounds "9"]
[EventCountry "LTU"]
[SourceTitle "EXT 2014"]
[Source "ChessBase"]
[SourceDate "2013.11.20"]
[SourceVersion "1"]
[SourceVersionDate "2013.11.20"]
[SourceQuality "1"]

1. d4 Nf6 2. c4 e6 3. Nf3 b6 4. a3 Be7 5. Nc3 Bb7 6. d5 exd5 7. cxd5 0-0 8. g3 Bd6 9. Bg2 c6 10. 0-0 cxd5 11. Bg5 Be7 12. Rb1 d6 13. Bxf6 Bxf6 14. Nxd5 Nd7 15. Nd4 Rb8 16. Rc1 Nc5 17. Rc2 Be5 18. b4 Ne6 19. Nc6 Bxc6 20. Rxc6 Re8 21. f4 Bb2 22. Rxd6 Qxd6 23. Nf6+ Bxf6 24. Qxd6 Rbd8 25. Qc6 Nd4 26. Qa4 Nxe2+ 27. Kh1 Nc3 28. Qxa7 h5 29. Qxb6 Rd2 30. Bf3 h4 31. gxh4 Bxh4 32. Qc6 Re3 33. b5 Ne2 34. b6 Nd4 35. Qc8+ Kh7 36. Bg2 Rb2 37. b7 Reb3 38. b8Q Rxb8 39. Qh3 R8b6 40. Qxh4+ Rh6 41. Qg3 Nf5 42. Be4 g6 43. Bxf5 gxf5 44. Rg1 Rg6 45. Qh3+ Kg7 46. Qc3+ 1-0

[Event "Palanga op"]
[Site "Palanga"]
[Date "2013.06.19"]
[Round "4"]
[White "Beliajev, Dmitrij"]
[Black "Kretainis, Kristaps"]
[Result "1/2-1/2"]
[WhiteElo "2172"]
[BlackElo "2292"]
[PlyCount "53"]
[EventDate "2013.06.17"]
[EventType "swiss"]
[EventRounds "9"]
[EventCountry "LTU"]
[SourceTitle "EXT 2014"]
[Source "ChessBase"]
[SourceDate "2013.11.20"]
[SourceVersion "1"]
[SourceVersionDate "2013.11.20"]
[SourceQuality "1"]

1. e4 b6 2. d4 Bb7 3. Bd3 Nf6 4. Nd2 Nc6 5. c3 e5 6. Ngf3 d6 7. 0-0 Be7 8. a3 0-0 9. Qc2 h6 10. b4 a6 11. Bb2 Re8 12. d5 Nb8 13. Nb3 Nbd7 14. c4 c5 15. dxc6 Bxc6 16. c5 dxc5 17. Nxe5 Nxe5 18. Bxe5 c4 19. Rad1 cxd3 20. Qxc6 Rc8 21. Qb7 a5 22. Qa6 Ra8 23. Qc4 axb4 24. axb4 Rc8 25. Qb5 Qd7 26. Qxb6 Nxe4 27. Qd4 1/2-1/2